000 01609nam0a2200373 4500
001 RU\NLR\BIBL_A\022587693
005 20260420051037.0
010 _a978-5-222-42975-4
_95000
021 _aRU
_bКН-П-25-030744
_9КН-П-25-3039
035 _a(NLR Aleph) 022587693
090 _a13678664
_c13678664
100 _a20250718d2025 u y0rusy50 ca
101 0 _arus
102 _aRU
105 _aa z 000ay
181 0 _ai3
_baxxe
181 0 _ab1
_bxb2e
182 0 _an
200 1 _aСказочный детектив
_eистория Лизы Храброй и Ильи Вредного
_fЮлия Асланова
_g[художник Татьяна Петровска]
203 _aТекст
_aИзображение
_bвизуальные
_cнепосредственные
210 _aРостов-на-Дону
_cФеникс
_d2025
215 _a157, [2] с.
_cцв. ил.
_d24
225 1 _aДетский детектив
300 _aЗагл. корешка: Сказочный детектив. История Лизы Храброй и Ильи Вредного
333 _a0+
516 1 _aСказочный детектив. История Лизы Храброй и Ильи Вредного
686 0 _aШ9(2)60=Р7-2
700 1 _aАсланова
_bЮ. Д.
_gЮлия Дмитриевна
702 1 _4040
_7ca
_8rus
_aПетровска
_bТ. П.
_f1980-
_gТатьяна Павловна
_92675791
_3RU\NLR\AUTH\770283861
942 _cBOOK
980 _aNB